000
00229nam a2200097Ia 4500
008
190216s9999||||xx |||||||||||||| ||und||
100
_a
Null
245
0
_a
Hindi-Kaljayi Kavithayem
260
_b
Oxford University Press
942
_c
BK
999
_c
17664
_d
17664